| 000 | 01293nam0a22002531 4500 | ||
|---|---|---|---|
| 001 | rc\4902777 | ||
| 005 | 20260406155405.0 | ||
| 021 |
_aRU _b[64-94773] |
||
| 035 | _a(NLR Aleph) 008929810 | ||
| 090 |
_a8877563 _c8877563 |
||
| 100 | _a20130426d1964 |||y0rusy50 ca | ||
| 101 | 0 | _arus | |
| 102 | _aRU | ||
| 105 | _ay z ||||| | ||
| 200 | 1 |
_aУскоренное развитие химической промышленности - ударный фронт коммунистического строительства _eТезисы докладов науч.-теорет. конференции. (Ноябрь 1964 г.) _fМ-во высш. и сред. спец. образования УССР. Луган. машиностроит. ин-т. Кафедра марксизма-ленинизма. Лисичан. хим. комбинат |
|
| 210 |
_aЛуганск _cБ. и. _d1964 |
||
| 215 |
_a125 с. _d26 |
||
| 606 |
_aХимическая промышленность _yЛуганская область _jТезисы докладов _2psbo |
||
| 712 | 0 | 2 |
_aВорошиловградский машиностроительный ин-т _3RU\NLR\AUTH\889930710 _9356929 |
| 801 | 0 |
_aRU _bNLR _gpsbo |
|
| 801 | 1 |
_aRU _bELAR _2rusmarc |
|
| 852 |
_aNLR _j64-7/2632 |
||
| 942 | _cBOOK | ||
| 980 | _aNB | ||